000 00368nab a22001097u 4500
008 130520b1987 xxu||||| |||| 00| 0 spa d
041 _aspa
100 1 _aSchilthuis-Stokvis, A. C.
_967425
245 0 0 _aVisión ecuménica del trabajo de la mujer en las iglesias
_cA. C. Schilthuis-Stokvis
773 0 _tConcilium
_gV.2,1987,págs.437-442
_x0210-1041
_wRev134
942 _cAR
999 _c355343
_d355343